Chronologie egyptienne /

محفوظ في:

المؤلف الرئيسي: Meyer, Eduard, 1855-1930 (مؤلف)

مؤلفون آخرون: Moret, Alexandre, 1868-1938.

التنسيق: كتاب

اللغة: French

منشور في: Paris : E. Leroux, 1912.

سلاسل: Annales du Musée Guimet. Bibliothèque d'études ; 24/2.

الموضوعات:

الوسوم: إضافة وسم

لا توجد وسوم, كن أول من يضع وسما على هذه التسجيلة!

رقم الطلب: DS1 .P35 v.24/2

LEADER 00869namaa2200241 4500
001 20601
003 OSt
005 20251124075203.0
008 130303s1912 fr fj 000 0 fre d
040 |c ARCE Library 
050 4 |a DS1 .P35 v.24/2 
100 1 |a Meyer, Eduard,  |d 1855-1930,  |e author 
245 1 0 |a Chronologie egyptienne /  |c traduit par Alexandre Moret. 
264 1 |a Paris :  |b E. Leroux,  |c 1912. 
300 |a 3 preliminary leaves, 328 pages :   |b VII plates (part fold.) tables (part fold.) ;  |c 25 cm. 
490 1 |a Annales du Musée Guimet. Bibliothèque d'études ;   |v 24/2. 
500 |a At head of title : Ministère de l'instruction publique. 
650 0 |a Chronology, Egyptian.  
700 1 |a Moret, Alexandre,  |d 1868-1938.  |9 36215 
830 0 |a Annales du Musée Guimet. Bibliothèque d'études ;   |v 24/2. 
901 |a reviewed 
942 |c BK  |2 lcc 
999 |c 18203  |d 18203